[Event "FRA-ch U16"]
[Site "Le Grand Bornand"]
[Date "2007.04.08"]
[Round "1"]
[White "Gabard, Alexandre"]
[Black "Marchandon, Dorian"]
[Result "1-0"]
[WhiteElo "2041"]
[BlackElo "1830"]
[PlyCount "131"]
[EventDate "2007.04.07"]
[EventType "swiss"]
[EventRounds "9"]
[EventCountry "FRA"]
[SourceTitle "CBM 118 Extra"]
[Source "ChessBase"]
[SourceDate "2007.07.04"]
[SourceVersion "1"]
[SourceVersionDate "2007.07.04"]
[SourceQuality "1"]

1. e4 e5 2. Nf3 Nc6 3. d4 exd4 4. Bc4 d6 5. Nxd4 Nf6 6. 0-0 Be7 7. Nc3 Bg4 8. f3 Bd7 9. Bf4 0-0 10. Nce2 Re8 11. c3 Na5 12. Bd3 Nc6 13. Nxc6 bxc6 14. Bc4 Rb8 15. b4 d5 16. exd5 cxd5 17. Bb3 Bb5 18. Re1 Bd6 19. Bxd6 Qxd6 20. Nd4 Qb6 21. a4 Bd7 22. a5 Qd6 23. Qd2 h6 24. Rxe8+ Rxe8 25. Re1 Rxe1+ 26. Qxe1 Kf8 27. Bc2 Qe7 28. Qxe7+ Kxe7 29. Bf5 Bxf5 30. Nxf5+ Kf8 31. Nd4 Ke8 32. Nc6 Kd7 33. b5 Kd6 34. Nxa7 Kc5 35. Kf2 Ne8 36. a6 Nd6 37. Nc6 Kb6 38. Nd4 c6 39. bxc6 Kxa6 40. Kg3 Kb6 41. Kf4 f6 42. h4 Nc4 43. c7 Kxc7 44. Ne6+ Kd6 45. Nxg7 Na3 46. Nf5+ Ke6 47. Nd4+ Kf7 48. Nf5 Nb5 49. Nxh6+ Kg6 50. Nf5 Nxc3 51. Nd4 Nd1 52. g4 Nf2 53. h5+ Kf7 54. Kf5 Nh3 55. f4 Nf2 56. g5 fxg5 57. fxg5 Ne4 58. g6+ Kg8 59. h6 Nd6+ 60. Ke6 Ne8 61. h7+ Kh8 62. Nf5 Ng7+ 63. Nxg7 Kxg7 64. Kxd5 Kh8 65. Ke6 Kg7 66. h8Q+ 1-0